Prozaik Armando Ventura Ferreira.../inc./

Bibliographic Details
Format: Article
Language:Slovak
Subjects:

MARC

LEADER 00000nab a2200000 a 4500
001 vtls000101237
003 SK-MaSNL
005 20260303021931.0
008 111104c1981 xo 0 slo
015 |a SNBRB19rr/mm-uuuuu 
035 |a CL0111340 
040 |a SNKBUCL  |b slo  |c SNKBUCL  |e AACR2 
041 0 |a slo 
044 |a xo  |c SK 
080 |a 82:929:869.0  |2 1981 
080 |a 869.0  |2 1981 
080 |a 929 Ferreira, Armando Ventura  |2 1981 
245 0 0 |a Prozaik Armando Ventura Ferreira.../inc./ 
650 0 7 |a Ferreira, Armando Ventura  |2 snkbucl  |9 1003422 
655 7 |a články z novín a časopisov  |2 snkbucl  |9 267496 
655 7 |a články z odboru literárna veda a krásna literatúra  |2 snkbucl  |9 770045 
773 0 |t Nedeľná Pravda  |g Roč. 14, č. 42 (1981), s. /13/ 
850 |a Slovenská národná knižnica v Martine  |a MTA001 
852 |a SNK  |b KIS3GCP 
958 |a RK 
958 |a LX 
992 |a RBX 
999 |c 1625897  |d 1627827